000 00393nam a22001577a 4500
003 BD-DhUIB
005 20251018194019.0
008 251018b |||||||| |||| 00| 0 eng d
040 _aBD-DhUIB
_cBD-DhUIB
050 _a657.3
082 _222
100 _aBhattacharyya, Debarshi.
_91025
245 _aFinancial statement analysis/
_cDebarshi, Bhattacharyya.
526 _aBBA
942 _2ddc
_cBK
999 _c573
_d573